Gaming Quiz

Random Gaming or Pokémon Quiz

Fanmade Pokemon Gen.8 Challenge Quiz Stats

 Plays Quiz not verified by Sporcle

Challenge
Share
Tweet
Embed
Score 0/81 Timer 10:00
0 Plays Today
DEX % Correct
Lebal
96.3%
Lebrolen
66.7%
Lesaur
63%
Dedgo
59.3%
Degowo
33.3%
Dedgowedgo
33.3%
Forek
29.6%
Fontanne
25.9%
Minbreakeh
25.9%
Heldog
25.9%
Thunder
18.5%
Heldopolo
14.8%
Pevo
14.8%
Nelly
14.8%
VE
14.8%
Ikikkyu
13%
Gudian
11.1%
Guadienne
11.1%
Llole
11.1%
Fari
11.1%
Nellko
11.1%
Nellzon
11.1%
Dreamy
11.1%
Dreamon
11.1%
Max
11.1%
Bonyah
11.1%
Bonzayh
11.1%
DEX % Correct
Bonkizogn
11.1%
Dongle
11.1%
Dologle
11.1%
Shinex
11.1%
Diament
11.1%
Frecon
11.1%
Ghosty
11.1%
Pigey
11.1%
Turas
7.4%
Verxmillion
7.4%
Vexor
7.4%
Kanghas
7.4%
Karpex
7.4%
Zeghoty
3.7%
Watson
3.7%
Electzo
3.7%
Zhin
3.7%
Zranohg
3.7%
DB
3.7%
KH
3.7%
Trizeon
3.7%
Kyduck
3.7%
Hichopopo
3.7%
Vagnes
3.7%
Sciz
3.7%
Wobof
3.7%
Drak
3.7%
DEX % Correct
Drakon
3.7%
Electrise
3.7%
Machiton
3.7%
Metapon
3.7%
Kyhedemyak
3.7%
Baskrun
3.7%
Silveen
3.7%
Seaqueen
3.7%
Alphali
0%
Betali
0%
Hitmonali
0%
Deltali
0%
Gammali
0%
Punchmonali
0%
Megali
0%
Omegali
0%
Irceus
0%
Typhmensium
0%
Comcona
0%
Datowl
0%
Zagrydo
0%
Syrienah
0%
Eggplant
0%
Caglax
0%
Hummy
0%
Hummomem
0%
Hummam
0%

You're not logged in!

Compare scores with friends on all Sporcle quizzes.
OR
Log In

You Might Also Like...

Show Comments

Extras

Created Jan 7, 2017ReportNominate
Tags:Pokémon Quiz, challenge

Top Quizzes Today


Score Distribution

Your Account Isn't Verified!

In order to create a playlist on Sporcle, you need to verify the email address you used during registration. Go to your Sporcle Settings to finish the process.

Report this User

Report this user for behavior that violates our Community Guidelines.

Details: